| 000 | 00385nam a2200145Ia 4500 | ||
|---|---|---|---|
| 008 | 230917s9999||||xx |||||||||||||| ||und|| | ||
| 040 |
_e207533 _aMAIN |
||
| 041 | _aEnglish | ||
| 082 | _a824.09 M994C | ||
| 100 | _aMyles, Anita | ||
| 245 | 0 | _aCritical essays on literature and environment | |
| 260 |
_aNew Delhi _bSarup Book Publishers _c2012 |
||
| 300 | _axii, 216 p. | ||
| 942 | _cBK | ||
| 999 |
_c175884 _d175884 |
||